|
|
|
|
| LEADER |
01994nam a2200337 a 4500 |
| 001 |
14436605 |
| 008 |
110702r20102008iaua 001 0 eng |
| 010 |
|
|
|a 2006049014
|
| 020 |
|
|
|a 9780073523408 (acid-free paper)
|
| 020 |
|
|
|a 0073523402 (acid-free paper)
|
| 020 |
|
|
|a 9780070636613
|
| 040 |
|
|
|a DLC
|c DLC
|d DLC
|d BD-DhAAL
|
| 050 |
0 |
0 |
|a QA9.58
|b .D37 2008
|
| 082 |
0 |
0 |
|a 518/.1
|2 22
|
| 100 |
1 |
|
|a Dasgupta, Sanjoy.
|
| 245 |
1 |
0 |
|a Algorithms /
|c Sanjoy Dasgupta, Christos Papadimitriou, Umesh Vazirani.
|
| 260 |
|
|
|a Boston ;
|a New Delhi :
|b Tata McGraw-Hill Higher Education,
|c c2008 [reprinted 2010].
|
| 300 |
|
|
|a x, 320 p. :
|b ill. ;
|c 24 cm.
|
| 504 |
|
|
|a Includes bibliographical references (p. 317-318) and index.
|
| 541 |
|
|
|e 00023162
|
| 650 |
|
0 |
|a Algorithms
|v Textbooks.
|
| 650 |
|
0 |
|a Computer algorithms
|v Textbooks.
|
| 700 |
1 |
|
|a Papadimitriou, Christos H.
|
| 700 |
1 |
|
|a Vazirani, Umesh Virkumar.
|
| 852 |
1 |
|
|a Ayesha Abed Library
|c General Shelf.
|
| 999 |
|
|
|c 11029
|d 11029
|
| 952 |
|
|
|0 0
|1 0
|2 ddc
|4 0
|6 518_100000000000000_DAS
|7 0
|9 17342
|a BRACUL
|b BRACUL
|c GEN
|d 2011-06-30
|e Development Book Agency
|g 1450.00
|l 8
|m 49
|o 518.1 DAS
|p 3010023162
|r 2025-10-19
|s 2025-10-12
|t 1
|w 2011-07-03
|y BK
|
| 952 |
|
|
|0 0
|1 0
|2 ddc
|4 0
|6 518_100000000000000_DAS
|7 0
|9 17343
|a BRACUL
|b BRACUL
|c GEN
|d 2011-06-30
|e Development Book Agency
|g 1450.00
|l 9
|m 89
|o 518.1 DAS
|p 3010023163
|r 2026-01-03
|s 2025-06-22
|t 2
|w 2011-07-03
|y BK
|
| 952 |
|
|
|0 0
|1 0
|2 ddc
|4 0
|6 518_100000000000000_DAS
|7 0
|9 17344
|a BRACUL
|b BRACUL
|c GEN
|d 2011-06-30
|e Development Book Agency
|g 1450.00
|l 13
|m 65
|o 518.1 DAS
|p 3010023164
|r 2026-05-03
|s 2026-03-03
|t 3
|w 2011-07-03
|y BK
|
| 952 |
|
|
|0 0
|1 0
|2 ddc
|4 0
|6 518_100000000000000_DAS
|7 0
|9 17345
|a BRACUL
|b BRACUL
|c GEN
|d 2011-06-30
|e Development Book Agency
|g 1450.00
|l 6
|m 48
|o 518.1 DAS
|p 3010023165
|r 2026-05-20
|s 2025-10-19
|t 4
|w 2011-07-03
|y BK
|
| 952 |
|
|
|0 0
|1 0
|2 ddc
|4 0
|6 518_100000000000000_DAS
|7 0
|9 17346
|a BRACUL
|b BRACUL
|c GEN
|d 2011-06-30
|e Development Book Agency
|g 1450.00
|l 10
|m 82
|o 518.1 DAS
|p 3010023166
|r 2025-06-17
|s 2025-02-27
|t 5
|w 2011-07-03
|y BK
|